Pseudo-Boolean programming and applications

Salvato in:
Dettagli Bibliografici
Autore principale: Ivanescu, Petru L (Autore)
Natura: Libro
Lingua:inglese
Pubblicazione: Berlín Springer-Verlag 1965
Serie:Lecture Notes in Mathematics, 9
Soggetti:
Tags: Aggiungi Tag
Nessun Tag, puoi essere il primo ad aggiungerne!!

MARC

LEADER 00000nam a2200000 a 4500
001 UCP3424
003 CL-VaPUC
008 990618e19650000GW |||||||||||||||||eng|d
082 0 4 |a 511.324  |b IVA  |2 21 
100 0 |a Ivanescu, Petru L  |e author  |9 430672 
245 1 0 |a Pseudo-Boolean programming and applications 
300 |a 50 p 
942 |c BK 
945 |d 19990618 00:00:00  |a crobeson 
260 |a Berlín  |b Springer-Verlag  |c 1965 
650 0 |a Álgebra de Boole  |9 270013 
650 7 |a FUNCIONES SEUDO-BOOLEANAS  |2 CL-VaPUC  |9 430673 
650 7 |a PROGRAMACION SEUDO BOOLEANA  |2 CL-VaPUC  |9 430674 
650 7 |a PROGRAMACION POLINOMIAL  |2 CL-VaPUC  |9 430675 
650 0 |a Teoría de grafos  |9 269886 
650 7 |a RETICULOS  |2 CL-VaPUC  |9 430676 
583 |a last modification  |c 19990618 00:00:00  |k Rodrigo Vera 
490 0 |a Lecture Notes in Mathematics, 9 
999 |c 281745  |d 281743 
952 |0 0  |1 0  |4 0  |6 511_324000000000000_IVA_1965  |7 0  |8 A  |9 322720  |a BIBMAT  |b BIBMAT  |d 2019-11-20  |i 1350994  |o 511.324 IVA 1965  |p 1350994  |r 2025-01-07  |w 2019-11-20  |y BK  |k MAT